[Event "XLIII C.to Italiano a squadre Master"]
[Site "Spoleto ITA"]
[Date "2011.05.01"]
[Round "7"]
[White "Fiore, Mario"]
[Black "Codenotti, Marco"]
[Result "0-1"]
[WhiteElo "2232"]
[BlackElo "2262"]
[PlyCount "32"]
[EventDate "2011.04.28"]

1. e4 c5 2. Nf3 g6 3. Bc4 Bg7 4. c3 d6 5. d4 cxd4 6. Qb3 e6 7. cxd4 Ne7 8. Nc3
O-O 9. Be3 Nbc6 10. Be2 e5 11. Rd1 Bg4 12. dxe5 Nxe5 13. Nxe5 Bxe2 14. Nxf7
Bxd1 15. Nh6+ Kh8 16. Qg8+ Nxg8 0-1

[Event "XLIII C.to Italiano a squadre Master"]
[Site "Spoleto ITA"]
[Date "2011.05.01"]
[Round "7"]
[White "Martorelli, Antonio"]
[Black "Ronchetti, Niccolo'"]
[Result "0-1"]
[WhiteElo "2234"]
[BlackElo "2416"]
[PlyCount "80"]
[EventDate "2011.04.28"]

1. e4 c5 2. Nf3 g6 3. d4 cxd4 4. Nxd4 Nc6 5. c4 Bg7 6. Be3 Nf6 7. Nc3 O-O 8.
Be2 b6 9. h4 Bb7 10. h5 Nxd4 11. Bxd4 e5 12. h6 Bh8 13. Bxe5 Re8 14. Bd4 Nxe4
15. Bxh8 Kxh8 16. Nxe4 Rxe4 17. O-O Rh4 18. Bf3 Bxf3 19. Qxf3 Rxh6 20. Rfe1 Kg8
21. Re3 Rc8 22. Rae1 Qh4 23. Re8+ Rxe8 24. Rxe8+ Kg7 25. Qc3+ f6 26. Kf1 Rh5
27. Re7+ Kf8 28. Re3 Re5 29. Rh3 Qe4 30. Kg1 h5 31. Re3 Qb1+ 32. Kh2 Qxa2 33.
Rxe5 fxe5 34. Qxe5 Qxc4 35. Qd6+ Kg7 36. Qxd7+ Qf7 37. Qd4+ Kh6 38. Qd2+ g5 39.
g3 a5 40. Kg1 Kg7 0-1

[Event "XLIII C.to Italiano a squadre Master"]
[Site "Spoleto ITA"]
[Date "2011.05.01"]
[Round "7"]
[White "Parpinel, Marco"]
[Black "Di Paolo, Raffaele"]
[Result "1/2-1/2"]
[WhiteElo "2146"]
[BlackElo "2312"]
[PlyCount "37"]
[EventDate "2011.04.28"]

1. e4 e6 2. d4 d5 3. Nc3 Nf6 4. exd5 exd5 5. Bg5 Be7 6. Bd3 Nc6 7. Nge2 Be6 8.
a3 Qd7 9. O-O h6 10. Be3 Ng4 11. Nf4 Bd6 12. Nb5 Bxf4 13. Bxf4 Rc8 14. Re1 O-O
15. h3 Nf6 16. Qd2 Ne4 17. Bxe4 dxe4 18. d5 Bxd5 19. Rad1 1/2-1/2

[Event "XLIII C.to Italiano a squadre Master"]
[Site "Spoleto ITA"]
[Date "2011.05.01"]
[Round "7"]
[White "Piscopo, Pierluigi"]
[Black "Manca, Federico"]
[Result "1/2-1/2"]
[WhiteElo "2420"]
[BlackElo "2399"]
[PlyCount "23"]
[EventDate "2011.04.28"]

1. e4 e5 2. Nf3 Nc6 3. Bb5 a6 4. Ba4 Nf6 5. d3 b5 6. Bb3 Be7 7. O-O d6 8. Re1
O-O 9. c3 Na5 10. Bc2 c5 11. Nbd2 Qc7 12. Nf1 1/2-1/2

[Event "XLIII C.to Italiano a squadre Master"]
[Site "Spoleto ITA"]
[Date "2011.05.01"]
[Round "7"]
[White "Rombaldoni, Denis"]
[Black "Mogranzini, Roberto"]
[Result "1-0"]
[WhiteElo "2498"]
[BlackElo "2437"]
[PlyCount "85"]
[EventDate "2011.04.28"]

1. Nf3 Nf6 2. g3 g6 3. b3 Bg7 4. Bb2 d6 5. d4 O-O 6. Bg2 c5 7. O-O cxd4 8. Nxd4
d5 9. e3 e5 10. Nf3 e4 11. Nd4 Nc6 12. Nxc6 bxc6 13. Qc1 h5 14. c4 h4 15. Rd1
hxg3 16. hxg3 Be6 17. Nc3 Qa5 18. cxd5 cxd5 19. Qd2 Qa6 20. Bf1 Qb7 21. Na4
Rfd8 22. Qa5 Ng4 23. Bxg7 Kxg7 24. Qc3+ Kg8 25. Be2 Rac8 26. Nc5 Qe7 27. Rac1
Bf5 28. Kg2 Rc6 29. Rh1 Ne5 30. b4 Rf6 31. Rh4 g5 32. Rh5 Bg6 33. Rh6 Kg7 34.
Rch1 Rf5 35. Kf1 Qf6 36. R1h2 Ng4 37. Nb3 Re5 38. Ke1 Ree8 39. Kd2 Ne5 40. Rh1
Rb8 41. Nd4 Rec8 42. a3 Nc6 43. R6h2 1-0

[Event "XLIII C.to Italiano a squadre Master"]
[Site "Spoleto ITA"]
[Date "2011.05.01"]
[Round "7"]
[White "Rotoni, Matteo"]
[Black "Scalcione, Michelangelo"]
[Result "0-1"]
[WhiteElo "2138"]
[BlackElo "2344"]
[PlyCount "104"]
[EventDate "2011.04.28"]

1. e4 e5 2. Nf3 d6 3. d4 exd4 4. Nxd4 Nf6 5. Nc3 Be7 6. Be2 O-O 7. O-O Re8 8.
Re1 Bf8 9. Bf1 c6 10. a4 a5 11. h3 Nbd7 12. Nb3 Ne5 13. f4 Ng6 14. g3 b6 15.
Bg2 Bb7 16. Be3 Qc7 17. Bf2 Rad8 18. Qd4 c5 19. Qc4 Bc6 20. Nd2 Ne7 21. Qf1 Qb7
22. Bf3 Nf5 23. exf5 Bxf3 24. Nxf3 Qxf3 25. Qg2 Qxg2+ 26. Kxg2 d5 27. Rxe8 Rxe8
28. Re1 Rxe1 29. Bxe1 Bd6 30. Kf3 Bb8 31. g4 d4 32. Ne4 Nd5 33. Bd2 Kf8 34. Nf2
Ke7 35. b3 Kd7 36. Nd3 f6 37. g5 Kc6 38. h4 Bd6 39. Ke4 Bc7 40. Nf2 Bd6 41. Nd3
Bc7 42. Nf2 Bd6 43. Nd3 Bf8 44. Nf2 Nc7 45. Nd3 Ne8 46. Kf3 Kd5 47. c4+ dxc3
48. Bxc3 c4 49. Nb2 cxb3 50. h5 h6 51. Kg4 Be7 52. Be1 Bc5 0-1

[Event "XLIII C.to Italiano a squadre Master"]
[Site "Spoleto ITA"]
[Date "2011.05.01"]
[Round "7"]
[White "Salgado Lopez, Ivan"]
[Black "Pavasovic, Dusko"]
[Result "1/2-1/2"]
[WhiteElo "2630"]
[BlackElo "2578"]
[PlyCount "71"]
[EventDate "2011.04.28"]

1. e4 e5 2. Nf3 Nc6 3. Bb5 a6 4. Ba4 Nf6 5. Nc3 Bd6 6. O-O O-O 7. d3 h6 8. a3
Re8 9. Ne2 Bf8 10. Ng3 b5 11. Bb3 d6 12. c3 Be6 13. Bxe6 Rxe6 14. d4 d5 15.
dxe5 Nxe4 16. Nd4 Nxd4 17. cxd4 Nxg3 18. hxg3 c5 19. Be3 Rc8 20. Qd2 cxd4 21.
Bxd4 Bc5 22. Rac1 Rec6 23. Bxc5 Rxc5 24. Rxc5 Rxc5 25. Rd1 Qg5 26. Qf4 d4 27.
Qxd4 Qxe5 28. Qxe5 Rxe5 29. Kf1 Kf8 30. Rd8+ Ke7 31. Ra8 Re6 32. Ra7+ Kf6 33.
g4 g5 34. g3 Kg6 35. Ra8 Rc6 36. Rg8+ 1/2-1/2

[Event "XLIII C.to Italiano a squadre Master"]
[Site "Spoleto ITA"]
[Date "2011.05.01"]
[Round "7"]
[White "Shytaj, Luca"]
[Black "Ortega, Lexy"]
[Result "1/2-1/2"]
[WhiteElo "2475"]
[BlackElo "2471"]
[PlyCount "21"]
[EventDate "2011.04.28"]

1. d4 d5 2. Nf3 Nf6 3. c4 c6 4. cxd5 cxd5 5. Nc3 Nc6 6. Bf4 a6 7. e3 Bg4 8. Be2
Bxf3 9. Bxf3 e6 10. O-O Be7 11. Rc1 1/2-1/2

[Event "XLIII C.to Italiano a squadre Master"]
[Site "Spoleto ITA"]
[Date "2011.05.01"]
[Round "7"]
[White "Tomba, Ivan"]
[Black "Delizia, Costantino"]
[Result "1-0"]
[WhiteElo "2259"]
[BlackElo "2159"]
[PlyCount "89"]
[EventDate "2011.04.28"]

1. e4 e6 2. Nf3 d5 3. Nc3 Nf6 4. e5 Nfd7 5. d4 c5 6. dxc5 Nc6 7. Bf4 Bxc5 8.
Bd3 f6 9. exf6 Nxf6 10. Qe2 O-O 11. O-O-O Bd7 12. Kb1 Rc8 13. Ne5 Bd4 14. Nxc6
Rxc6 15. Be5 Bxe5 16. Qxe5 Qc7 17. Qxc7 Rxc7 18. f3 Ne8 19. Rhe1 Nd6 20. Ne2
Re8 21. f4 Bb5 22. Nd4 Bxd3 23. cxd3 Kf7 24. Re5 g6 25. Rde1 Rce7 26. g4 Kf6
27. Kc2 a6 28. Kd2 Nc8 29. Nb3 Na7 30. Nd4 Nc8 31. Nf3 Na7 32. R5e3 Nc6 33. Ne5
Nxe5 34. Rxe5 Rc8 35. h4 Rc6 36. f5 gxf5 37. gxf5 Rec7 38. Rxe6+ Kxf5 39. Re8
Rc2+ 40. Ke3 Rxb2 41. Rf1+ Kg6 42. Rg8+ Kh5 43. Rf5+ Kxh4 44. Kf3 Rb4 45. Rg1
1-0

[Event "XLIII C.to Italiano a squadre Master"]
[Site "Spoleto ITA"]
[Date "2011.05.01"]
[Round "7"]
[White "Zimina, Olga"]
[Black "De Santis, Alessio"]
[Result "0-1"]
[WhiteElo "2346"]
[BlackElo "2295"]
[PlyCount "84"]
[EventDate "2011.04.28"]

1. e4 b6 2. d4 Bb7 3. Bd3 g6 4. Nf3 Bg7 5. O-O d6 6. Re1 e6 7. Nbd2 Nd7 8. Nf1
Ne7 9. c3 a6 10. Qe2 h6 11. Ng3 c5 12. a4 cxd4 13. cxd4 O-O 14. Bd2 Nc6 15. Bc3
e5 16. d5 Nd4 17. Bxd4 exd4 18. Qd1 Be5 19. Rc1 Rc8 20. Rxc8 Bxc8 21. Ne2 Qf6
22. Qd2 Nc5 23. b4 Nxa4 24. Qxh6 Bg4 25. Nxe5 dxe5 26. Bxa6 Ra8 27. h3 Bxe2 28.
Bxe2 Nc3 29. Qd2 Nxe4 30. Qc1 Qxf2+ 31. Kh2 Qg3+ 32. Kg1 Qf2+ 33. Kh2 Ra2 34.
d6 Qg3+ 35. Kg1 Nxd6 36. Bf1 Qf2+ 37. Kh2 Nf5 38. Rxe5 Qg3+ 39. Kg1 Qxe5 40.
Bc4 Ra7 41. Qb2 Qe1+ 42. Kh2 Ra1 0-1